| 000 | 00610nam a2200265Ia 4500 | ||
|---|---|---|---|
| 008 | 210210b2005 xxu||||| |||| 00| 0 eng d | ||
| 020 | _a0761934561 | ||
| 041 | _aeng | ||
| 082 | _a304.8 THAW | ||
| 100 | _aTHAPAN (Meenakshi). | ||
| 245 | _aWomen and migration in Asia, vol.4: migrant women and work. | ||
| 260 |
_aNew Delhi _bSage Publications _c2005 |
||
| 300 | _a226 | ||
| 440 | _a4 | ||
| 650 | _awork. | ||
| 650 | _aWomen | ||
| 650 | _aVol.4: | ||
| 650 | _amigration | ||
| 650 | _amigrant | ||
| 650 | _ain | ||
| 650 | _aAsia | ||
| 650 | _aand | ||
| 690 | _aMigration | ||
| 906 | _a061859 | ||
| 999 |
_c115571 _d115571 |
||